Nezamýšlené důsledky označení "sociálně vyloučená lokalita"

Vnímanie "nálepky" sociálne vylúčená lokalita jej obyvateľmi a obyvateľmi susedstva.

Guardado en:
Detalles Bibliográficos
Autor principal: Bjelončíková, Monika
Otros Autores: Gojová, Vendula
Formato: Capítulo de libro
Lenguaje:checo
Materias:
Etiquetas: Agregar Etiqueta
Sin Etiquetas, Sea el primero en etiquetar este registro!

MARC

LEADER 00000naa a2200000 4500
001 0220701
005 20221019163749.6
041 0 |a cze 
044 |a CZ 
245 1 0 |a Nezamýšlené důsledky označení "sociálně vyloučená lokalita"  |c Monika Bjelončíková, Vendula Gojová 
520 |a Vnímanie "nálepky" sociálne vylúčená lokalita jej obyvateľmi a obyvateľmi susedstva. 
610 2 0 |a vylúčenie sociálne 
610 2 0 |a Česko 
610 2 0 |a politika sociálna 
610 2 0 |a byty sociálne 
100 1 |a Bjelončíková, Monika 
700 1 |a Gojová, Vendula